LIBRARY & INFORMATION CENTRE, KCAET, TAVANUR

ONLINE PUBLIC ACCESS CATALOGUE (OPAC)

Normal view MARC view
  • Carrol, Lewis

Entry Personal Name

Number of records used in: 1

001 - CONTROL NUMBER

  • control field: 5599

003 - CONTROL NUMBER IDENTIFIER

  • control field: OSt

005 - DATE AND TIME OF LATEST TRANSACTION

  • control field: 20231114115003.0

008 - FIXED-LENGTH DATA ELEMENTS

  • fixed length control field: 231114|| aca||aabn | a|a d

040 ## - CATALOGING SOURCE

  • Original cataloging agency: OSt
  • Transcribing agency: OSt

100 ## - HEADING--PERSONAL NAME

  • Personal name: Carrol, Lewis

670 ## - SOURCE DATA FOUND

  • Source citation: Work cat.: (OSt)17811: Carrol, Lewis, Through the Looking Glass and What Alice Found There
free website counter